Logos des clubs de football par lettre - F - Statistiques

Statistiques générales
  • Ce quiz a été pris 99 fois
  • Le résultat moyen est 9 sur 16
Statistiques - réponses
Par images Réponse % Correct
Fiorentina
98%
Feyenoord
92%
Flamengo
92%
Fulham
92%
SC Fribourg
89%
Fenerbahçe
84%
Fluminense
80%
Ferencváros
59%
Fortuna Düsseldorf
38%
Frosinone
33%
FCSB
27%
Fortuna Sittard
22%
Fortaleza
17%
Fredrikstad FK
11%
FC Flora
9%
Falkirk FC
8%
Aucun quiz correspondant
Distribution des résultats
% des personnes avec chaque résultat
Percentile par nombre de réponses
Votre historique - résultats
Vous n’avez pas pris ce quiz